000 00253nam a2200097Ia 4500
001 1208332
005 20250827022844.0
008 250824s9999 xx 000 0 und d
245 0 _aDEDE KORKUT KİTABI
_cMUHARREM ERGİN
260 _bBOĞAZİÇİ YAYINLARI
999 _c1208332
_d1208332